书目信息 |
| 题名: |
电视大学、职工大学、函授大学、业余大学入学考试复习指导
|
|
| 作者: | 陆仁 编 | |
| 分册: | 语文 | |
| 出版信息: | 北京 地质出版社 1986 |
|
| 页数: | 266页 | |
| 开本: | 19cm | |
| 丛书名: | ||
| 单 册: | ||
| 中图分类: | G723.2 , G633.3 | |
| 科图分类: | ||
| 主题词: | 语文--高等教育--升学参考资料 , 教育--各级 | |
| 电子资源: | ||
| ISBN: | ||
| 000 | 00884nam0 2200289 45 | |
| 001 | 0186007568 | |
| 005 | 20040505103347.8 | |
| 010 | @dCNY1.35 | |
| 091 | @a7038.新184 | |
| 100 | @a19951027d1986 em y0chiy0121 ea | |
| 101 | 0 | @achi |
| 102 | @aCN@b110000 | |
| 105 | @ay z 000yy | |
| 106 | @ar | |
| 200 | 10 | @a电视大学、职工大学、函授大学、业余大学入学考试复习指导@i语文@Adian shi da xue、 zhi gong da xue、 han shou da xue、 ye yu da xue ru xue kao shi fu xi zhi dao@f陆仁等编@FLu Ren Deng Bian |
| 210 | @a北京@c地质出版社@d1986 | |
| 215 | @a266页@d19cm | |
| 517 | @a语文@AYu Wen | |
| 606 | @a语文@x高等教育@x升学参考资料 | |
| 606 | 0 | @a教育@x各级 |
| 690 | @aG723.2@v3 | |
| 690 | @aG633.3 | |
| 701 | 0 | @a陆仁@4编@Azhang ji sheng |
| 701 | 0 | @Achen zun yao |
| 801 | 0 | @aCN@b深圳图书馆@c20040505 |
| 801 | 2 | @aCN@bNLC@c20040505 |
| 905 | @f2@b164940-941@dG633.3@e121 | |
| 电视大学、职工大学、函授大学、业余大学入学考试复习指导.语文/陆仁等编.-北京:地质出版社,1986 |
| 266页;19cm |
| ISBN :CNY1.35 |
| ● |
| 相关链接 |
|
|
|
|
正题名:电视大学、职工大学、函授大学、业余大学入学考试复习指导
索取号:G633.3/121
 
预约/预借
| 序号 | 登录号 | 条形码 | 馆藏地/架位号 | 状态 | 备注 |
| 1 | 0164940 | 000239183 | 密集书库/ [索取号:G633.3/121] | 在馆 | |
| 2 | 0164941 | 000239245 | 密集书库/ [索取号:G633.3/121] | 在馆 | |
| 3 | 0164942 | 000239192 | 第一样本阅览室/ [索取号:G633.3/121] | 在馆 |